000
00239nam a2200097Ia 4500
001
1164331
005
20250827011719.0
008
250824s9999 xx 000 0 und d
245
0
_a
TAKILI KALDI
_c
OLİVER JEFFER
260
_b
KETEBE YAYINLARI
999
_c
1164331
_d
1164331